00486pab a2200157 454500008004000000100001800040245007400058260000900132300001300141362001100154650004000165650004100205650002800246700002000274773003400294180718b2015 xxu||||| |||| 00| 0 eng d aTamang, Bivek aDemerger and statehood: similarities between Gorkhaland and Telangana c2015 ap.71-73. a19 Sep aTelangana - Politics and government aGorkhaland - Politics and government aPolitics and government aThendup, Sangmu aEconomic and Political Weekly